Burmese days / (Record no. 814)
[ view plain ]
| 000 -LEADER | |
|---|---|
| fixed length control field | 00370nam a2200145 4500 |
| 001 - CONTROL NUMBER | |
| control field | 1163 |
| 005 - DATE AND TIME OF LATEST TRANSACTION | |
| control field | 20181127162817.0 |
| 008 - FIXED-LENGTH DATA ELEMENTS--GENERAL INFORMATION | |
| fixed length control field | 070920s2007 wyu 000 0 eng |
| 020 ## - INTERNATIONAL STANDARD BOOK NUMBER | |
| International Standard Book Number | 8170262070 |
| 100 1# - MAIN ENTRY--PERSONAL NAME | |
| Personal name | Orwell, George. |
| 245 10 - TITLE STATEMENT | |
| Title | Burmese days / |
| Statement of responsibility, etc. | George Orwell. |
| 260 ## - PUBLICATION, DISTRIBUTION, ETC. | |
| Place of publication, distribution, etc. | New Delhi : |
| Name of publisher, distributor, etc. | Heritage Publishers, |
| Date of publication, distribution, etc. | 2009. |
| 300 ## - PHYSICAL DESCRIPTION | |
| Extent | 288 p. |
| 500 ## - GENERAL NOTE | |
| General note | "Heritage Classics" |
| Withdrawn status | Lost status | Source of classification or shelving scheme | Damaged status | Not for loan | Collection code | Home library | Current library | Shelving location | Serial Enumeration / chronology | Inventory number | Total Checkouts | Full call number | Barcode | Date last seen | Date last checked out | Price effective from | Koha item type |
|---|---|---|---|---|---|---|---|---|---|---|---|---|---|---|---|---|---|
| Dewey Decimal Classification | Main TEST | RTC Library | RTC Library | Main opac | 4180 | 1 | 823.9 ORW | 30002106 | 20/10/2020 | 22/07/2020 | 27/11/2018 | Main |